Statistics for The Big Bang Theory Cast

Click here to take the quiz!

General Stats

  • This quiz has been taken 6 times
  • The average score is 5 of 15

Answer Stats

NameAnswer% Correct
Jim ParsonsSheldon Cooper
100%
Kaley CuocoPenny
83%
Mayim BialikAmy Farrah Fowler
67%
Johnny GaleckiLeonard Hofstadter
67%
Simon HelbergHoward Wolowitz
50%
John Ross BowieBarry Kripke
33%
Kunal NayyarRajesh Koothrappali
33%
Melissa RauchBernadette Rostenkowski
17%
Aarti MannPriya Koothrappali
17%
Kevin SussmanStuart Bloom
17%
Bob NewhartArthur Jeffries
0%
Brian PosehnBert Kibbler
0%
Christine BaranskiBeverly Hofstadter
0%
Lauren LapkusDenise
0%
Sara GilbertLeslie Winkle
0%

Score Distribution

Percentile by Number Answered

Percent of People with Each Score

Your Score History

You have not taken this quiz